I presume : (Record no. 12470)
[ view plain ]
| 000 -LEADER | |
|---|---|
| fixed length control field | 00492nam a22001812 4500 |
| 001 - CONTROL NUMBER | |
| control field | 0000000967 |
| 005 - DATE AND TIME OF LATEST TRANSACTION | |
| control field | 20151217155806.0 |
| 008 - FIXED-LENGTH DATA ELEMENTS--GENERAL INFORMATION | |
| fixed length control field | 070222s xx 000 0 eng d |
| 040 ## - CATALOGING SOURCE | |
| Original cataloging agency | KABU |
| Transcribing agency | KABU |
| 050 #0 - LIBRARY OF CONGRESS CALL NUMBER | |
| Classification number | DT351 |
| Item number | .S7A57 |
| 100 1# - MAIN ENTRY--PERSONAL NAME | |
| Personal name | Austruther, Ian. |
| -- | 0000149422 |
| 245 10 - TITLE STATEMENT | |
| Title | I presume : |
| Remainder of title | Stanley's triumph and disaster. |
| 260 ## - PUBLICATION, DISTRIBUTION, ETC. (IMPRINT) | |
| Place of publication, distribution, etc. | London : |
| Name of publisher, distributor, etc. | G. Bles, |
| Date of publication, distribution, etc. | 1956. |
| 300 ## - PHYSICAL DESCRIPTION | |
| Extent | 207 p. |
| 908 ## - PUT COMMAND PARAMETER (RLIN) | |
| Put command parameter | 070222 |
| 950 ## - LOCAL HOLDINGS (RLIN) | |
| -- | 1 |
| Withdrawn status | Lost status | Source of classification or shelving scheme | Not for loan | Home library | Current library | Date acquired | Total Checkouts | Full call number | Barcode | Date last seen | Price effective from | Koha item type |
|---|---|---|---|---|---|---|---|---|---|---|---|---|
| Library of Congress Classification | Kabarak, Main Campus | Kabarak, Main Campus | 17/12/2015 | DT351 .S7A57 | 006464 | 17/12/2015 | 17/12/2015 | Africana Collection |